000 00612nam a22002297a 4500
003 UA-OsUOA
001 86924
007 ta
008 20120912b un ||||| |||| 00| 0 ukr d
100 _aПустовойтенко Н.
090 _a947.085
_bП89
942 _cBK
040 _aUA-OsUOA
_bukr
_cUA-OsUOA
_dUA-OsUOA
245 _aПо местам боевой славы Одессы
300 _a97 с.
955 _a4
041 _aukr
080 _a947.085
260 _aОдесса
_bМаяк
_c1976
650 7 _a9 Географія. Біографії. Історія
_2UDC
999 _c373115
_d373115